ARRUPE JESUIT UNIVERSITY

CORONAVIRUS -STOP THE SPREAD - CLEAN,DISINFECT,COVER

The United Nations : (Record no. 123174)

MARC details
000 -LEADER
fixed length control field 01712cam a22003134i 4500
001 - CONTROL NUMBER
control field 18346384
005 - DATE AND TIME OF LATEST TRANSACTION
control field 20150914124731.0
008 - FIXED-LENGTH DATA ELEMENTS--GENERAL INFORMATION
fixed length control field 141024s2015 enka b 001 0 eng
010 ## - LIBRARY OF CONGRESS CONTROL NUMBER
LC control number 2014042307
020 ## - INTERNATIONAL STANDARD BOOK NUMBER
International Standard Book Number 9780190222703 (paperback)
040 ## - CATALOGING SOURCE
Original cataloging agency DLC
Language of cataloging eng
Transcribing agency DLC
Description conventions rda
Modifying agency DLC
042 ## - AUTHENTICATION CODE
Authentication code pcc
050 00 - LIBRARY OF CONGRESS CALL NUMBER
Classification number JZ4984
Item number .H36 2015
082 00 - DEWEY DECIMAL CLASSIFICATION NUMBER
Classification number 341.23
Edition number 23
084 ## - OTHER CLASSIFICATION NUMBER
Classification number HIS015000
Source of number bisacsh
100 1# - MAIN ENTRY--PERSONAL NAME
Personal name Hanhimèaki, Jussi M.
9 (RLIN) 19128
245 10 - TITLE STATEMENT
Title The United Nations :
Remainder of title very short introductions /
Statement of responsibility, etc Jussi M. Hanhimdki.
250 ## - EDITION STATEMENT
Edition statement Second edition.
260 ## - PUBLICATION, DISTRIBUTION, ETC. (IMPRINT)
Place of publication, distribution, etc Oxford
Name of publisher, distributor, etc Oxford University Press
Date of publication, distribution, etc 2008
300 ## - PHYSICAL DESCRIPTION
Extent 172 pages :
Other physical details illustrations ;
Dimensions 17 cm
440 ## - SERIES STATEMENT/ADDED ENTRY--TITLE
Title A very short introduction
9 (RLIN) 19891
504 ## - BIBLIOGRAPHY, ETC. NOTE
Bibliography, etc Includes bibliographical references and index.
505 8# - FORMATTED CONTENTS NOTE
Formatted contents note Machine generated contents note: -- [from 1e:] -- List of illustrations -- Acknowledgments -- Introduction -- 1 The best hope of mankind?: A brief history of the UN -- 2 An impossible hybrid: the structure of the United Nations -- 3 Facing wars, confronting threats: the UN Security Council in action -- 4 Peacekeeping to peacebuilding -- 5 Economic development to human development -- 6 Rights and responsibilities: human rights to human security -- 7 Reform and challenges: the future of the United Nations -- Chronology -- Glossary: acronyms of major UN organs and agencies used in the text -- References -- Further reading -- Index.
650 #0 - SUBJECT ADDED ENTRY--TOPICAL TERM
Topical term or geographic name as entry element United Nations.
9 (RLIN) 19129
650 #7 - SUBJECT ADDED ENTRY--TOPICAL TERM
Topical term or geographic name as entry element HISTORY / Europe / Great Britain.
Source of heading or term bisacsh
9 (RLIN) 19130
906 ## - LOCAL DATA ELEMENT F, LDF (RLIN)
a 7
b cbc
c orignew
d 1
e ecip
f 20
g y-gencatlg
942 ## - ADDED ENTRY ELEMENTS (KOHA)
Source of classification or shelving scheme Library of Congress Classification
Item type Monograph ( Printed materials)
Holdings
Withdrawn status Lost status Source of classification or shelving scheme Damaged status Not for loan Collection code Home library Current library Shelving location Date acquired Total Checkouts Full call number Barcode Date last seen Price effective from Koha item type
    Library of Congress Classification     Main Collection ARRUPE LIBRARY ARRUPE LIBRARY Main Collection 28/08/2015   JZ4984 .H36 2015 46500004074 26/06/2018 28/08/2015 Monograph ( Printed materials)

 

Arrupe Library. PO Box MP320 Mt Pleasant, Harare, Zimbabwe
263 242 745411|librarian@aju.ac.zw